[Event "Bundesliga 0203"]
[Site "GER"]
[Date "2002.12.14"]
[Round "5.3"]
[White "Andersson, Ulf"]
[Black "Markowski, Tomasz"]
[Result "1-0"]
[WhiteElo "2599"]
[BlackElo "2549"]
[EventDate "2002.10.19"]
[Annotator "Stohl"]
[EventType "team"]
[EventRounds "15"]
[EventCountry "GER"]
[Source "ChessBase"]
[SourceDate "2003.04.01"]
[WhiteTeam "Porz"]
[BlackTeam "Plauen"]
[WhiteTeamCountry "GER"]
[BlackTeamCountry "GER"]

1. Nf3 c5 2. c4 g6 3. d4 Bg7 4. e4 Qb6!? D {Velmistr Markowski ma hodne 
zkusenosti s touto pozici. Casto se do ni dostava s poradimi tahu 1.e4 c5 
2.Nf3 g6 3.d4 Bg7 4.c4 Qb6. Idea za touto variantou je ta, ze po vymene na
c5 a Nc3, ... Bxc3 vyvola dvojpesce u bileho. Takze je obvykla praxe 
bileho nejdrive vyvinout kralovske kridlo a pokusit se ziskat nejake tampa
pro vyvin utokem na cernou damu pomoci Be3 atd...} 5. dxc5 Qxc5 {Black has
been quite successful with this modification of the Maroczy Dragon. By 
postponing the development of the Ng8 he prevents White's Nb1 from 
reaching its ideal square c3, by playing Bg4 and Nc6 first he fights for 
control of d4 (a square usually reserved for White's N in the Maroczy!). 
But White has ways of countering this plan-Andersson shows a strategy of 
playing around d4 on the flanks, which culminates in a >>->.} 6. Be2 ( 6. 
Bd3 d6 7. h3 Be6 ( 7. ... Nc6 8. a3 Be6 9. Nbd2 a5 10. Nb3 Qb6 11. Be3 Qa6
12. Qe2 Rd8 13. Nbd4 Bxd4 14. Nxd4 Ne5 15. Nxe6 fxe6 16. O-O Nf6 17. Rfd1 
O-O 18. Rac1 Nxd3 19. Qxd3 a4 20. e5 â†‘ {Andonov, 
B-Chatalbashev,B/Struga/2002/} ) 8. Nbd2 Nf6 9. O-O O-O 10. Nb3 Qc7 11. 
Be3 Nc6 12. Nbd4 Nxd4 13. Nxd4 Bd7 14. Rc1 a6 15. Qe2 b6 16. Rc3 Qb7 17. 
f3 Nh5 18. Qf2 b5 19. cxb5 axb5 20. Rfc1 Rfc8 21. Rxc8+ Bxc8 22. Nxb5 Rxa2
â‡„â‡„ {Mastrovasilis,A-Petrov,M/Halkidiki/2002/} ) ( 6. Nc3 Bxc3+ 7. bxc3
Nc6 ( 7. ... d6 8. Qd4! += ) 8. Qd5 d6 ~ ) 6. ... d6 7. O-O Nc6 ( 7. ... 
Bg4 8. Be3 Qc7 9. Nd4 Bxe2 10. Qxe2 Nc6 11. Rd1 Nxd4 12. Bxd4 Bxd4 13. 
Rxd4 Qb6 14. Qd2 Nf6 15. Nc3 O-O 16. Nd5 Nxd5 17. exd5 Rae8 18. Re1 a5 19.
 Rde4 Qc7 20. b3 a4 21. g3 axb3 22. axb3 â†‘ b5 23. cxb5 Qb7 24. b6! +/- {
Emms,J-Davies,N/Tel Aviv/1990/} ) 8. a3 {Prekryva pole b4 a take 
pripravuje tah ziskavajici prostor b2-b4.} ( 8. Nfd2 Qa5 9. Nb3 Qc7 10. 
Nc3 Bxc3 11. bxc3 Nf6 12. f3 O-O 13. Kh1 b6 14. Bg5 Ne5 15. Bxf6 exf6 16. 
f4 Nd7 17. Qd4 Bb7 18. Rad1 Nc5 19. Bf3 Rfe8 20. Nxc5 dxc5 21. Qxf6 Bxe4 
22. f5 Qe5 =+ {Pigusov,E-Markowski,T/Koszalin op/1999/} ) ( 8. Qb3 Qb6 9. 
Nc3 Qxb3 10. axb3 Nf6 11. h3 O-O 12. Be3 Be6 13. Rfd1 Nd7 14. Ng5 Nc5 15. 
Nxe6 fxe6 16. Bg4 h5 17. Bxc5 hxg4 18. Be3 gxh3 19. gxh3 a6 20. Kg2 Kh7 
21. c5 Rad8 22. cxd6 exd6 23. Rd2 d5! 24. exd5 exd5 25. Nxd5 Bxb2 =, quiet
{Lautier,J-Ivanchuk,V/Monte Carlo blind/1997/} ) 8. ... Bg4 9. Be3 ( {
Another promising alternative, which gives White a pleasant space 
advantage, is} 9. b4 Qb6 10. Be3 Qd8 11. Ra2 Nf6 12. Nc3 O-O âŒ“ ( 12. ...
 a5?! 13. b5 ( 13. Nd5 O-O 14. Bb6 {/\b5+/=} ) 13. ... Bxf3 14. gxf3! ( 
14. Bxf3 Ne5 15. Be2 O-O ~ {/=/+} 16. c5? Rc8 17. Bd4 Ned7! 18. Na4 dxc5 
19. Bxf6 Nxf6 20. e5 Nd5 21. Rd2 e6 -/+ {Ponomariov,R-Shabalov,A/Bad 
Wiessee op/1999/} ) 14. ... Ne5 15. c5! Qc8 ( 15. ... dxc5 16. Rd2 â†’ ) 
16. f4 Ned7 17. Rc2 Nxc5 18. e5 Nfd7 19. exd6 exd6 20. Qxd6 Ne4 21. Nxe4 
Qxc2 22. Bg4 Rd8 23. Rd1 Qc8 24. Rc1 {1-0,Rotstein,A-Sulava, N/Arco 
op/2001/} ) 13. Qb3 ( 13. Rd2 Nd7 14. Qb3 a5 15. h3 Bxf3 16. Bxf3 axb4 17.
 axb4 b6?! 18. Rfd1 Re8 19. Be2 Qc7 20. Nb5 Qb7 21. f4 +/- Ra1 22. e5! 
Rxd1+ 23. Qxd1 Nxb4 24. Bf3 Qb8 25. Qa4 dxe5 26. Rxd7 exf4 27. Bf2 e5 28. 
Nd6 {1-0, Kramnik,V-Topalov,V/Monte Carlo act/1999/} ) 13. ... a5 14. Rd2 
axb4 15. axb4 Qb8 16. h3 Bxf3 17. Bxf3 Rd8 18. Rfd1 Ne8 19. Bb6 Rc8 20. 
Bg4 e6 21. Nb5 Ra1 22. Rxa1 Bxa1 += {Luther,T-Dautov,R/Essen/2002/} ) 
9. ... Qa5 10. Bd2 ( {White has little after the softer} 10. Ra2 Qc7 11. 
Nfd2 Bxe2 12. Qxe2 Rc8 13. Rc1 Nf6 14. Nc3 O-O {
1/2,Gulko,B-Yudasin,L/Beersheba/1993/} 15. Nd5 Qd7 {/\e6=} ) 10. ... Qd8 (
10. ... Qb6 11. Nc3 Bxf3 12. Bxf3 Ne5 ( 12. ... Nd4 13. Nd5 ) 13. Be2 += )
11. Nc3 Nf6 12. Be3 O-O 13. h3 Bxf3 14. Bxf3 Nd7 {Cerny chce ziskat vliv 
na cernych polich, ale trpi nevyhodou v prostoru, -- typicky problem v 
Maroczyho systemu. } 15. Rc1 Rc8 16. Be2! {Predbezne prekryti c4 a 
priprava postupu f4. } 16. ... Nc5 17. b4! N ( {Black's plan works well 
after the slower} 17. f3 $143 Ne6 18. Kh1 Ned4 19. f4 a6 20. Bg4 e6 21. 
Rf2 h5 22. Be2 Qh4 â‡„â‡„ 23. Kh2 Nxe2 24. Rxe2 Na5 25. b3 b5 26. g3 Qe7 
27. Bb6 Nb7 28. Bd4 bxc4 29. Bxg7 Kxg7 30. b4 =/& {
Chernin,A-Markowski,T/CERA Bank op/1998/} ) 17. ... Ne6 ( {The more 
consistent} 17. ... Bxc3 {More energetic is} 18. Rxc3!? ( 18. bxc5 Bb2 19.
 Rb1 Bxa3 20. cxd6 Bxd6 ( 20. ... b6!? 21. Bh6 Bxd6 22. Bxf8 Qxf8 =/& ) 
21. c5 Be5 22. Rxb7 Bd4!? += ) 18. ... Nxe4 19. Rc2 =/& {^^,><>> with 
excellent compensation.} ) 18. Nd5 h5?! {Tento tah je vyznamny duvod pro 
porazku cerneho. Cerny vyznamne osalbuje sve kralovske kridlo, a tah 
nenabizi vyhodu. Lepe by udelal obranym tahem 18...b6. 
Only weakens Black's >>. } ( 18. ... Ned4 19. Bg4 f5 ( 19. ... e6 20. b5 
+- ) 20. exf5 gxf5 21. Bh5 +/- {/\b5+-} ) ( 18. ... Ncd4 19. Bd3 â†‘ ) ( 
18. ... Bb2 {Je horsi} 19. Rb1 {/\} 19. ... Bd4?! ( 19. ... Bxa3? 20. Rb3 
+- ( 20. Qa4 +- ) ) 20. b5 +/- ) ( 18. ... Bd4!? += ) 19. Kh1! {Jemny 
profylakticky tah, jehoz vyznam se stane jasny o 4 tahy pozdeji.  } 
19. ... b6 20. f4 â†‘ Ned4 21. b5! +/- {Bily vynucuje nasledujici 
likvidaci, ktera vede k velke pozicni vyhode. 
() Resolves the [+] situation in White's favour.} 21. ... Nxe2 22. Qxe2 ( 
22. bxc6?? Ng3+ ) 22. ... Nd4 ( 22. ... Na5 23. f5! {/\Bg5} 23. ... e6 ( 
23. ... Nb3 24. Rce1 ( 24. Rcd1 Nc5 25. Bg5 +/- ) 24. ... e6 25. f6 +- ) 
24. f6 exd5 25. fxg7 +/- {->} ) ( 22. ... Nb8!? 23. f5 Nd7 +/- ) 23. Bxd4 
( 23. Qd1 Ne6 24. f5 â†’ {was also strong, but why complicate 
matters-Andersson chooses the simplest way.} ) 23. ... Bxd4 D {Diky 19.Kh1
tento tah je bez sachu. Tak bily muze spustit utok na cerneho krale bez 
ztraty tempa. Jak bude pokracovat? } 24. e5! â†’ {Bily oddeluje cerneho 
krale od jeho duleziteho cernopolneho strelce a soucasne hrozi demolici 
tahem e6. 
Ve srovnani s dominantnim Nd5 je Bd4 odriznuty.} 24. ... e6?! {Tento tah 
usnadnuje bilemu ukol, ale v kazdem pripade je pozice cerneho tezko 
branitelna dele, napriklad: } ( 24. ... dxe5 25. fxe5 Bc5 26. Rcd1 Qe8 27.
 Rf3 {/\Qd2-g5,Rdf1+- and with the unassailable Nd5 White just piles up 
against Black's K.} ) ( 24. ... Bc5 25. Rc3 dxe5 26. fxe5 Qd7 27. Rg3 Kh7 
28. Qe4 {se silnym tlakem na kralovskem kridle a okamzitou hrozbou Rxf7+ }
) 25. Nf6+ Kg7 26. Rcd1 Bc5 ( 26. ... dxe5 27. fxe5 Rc5 28. Qe4!? Rxc4 29.
 Rd3 {/\} 29. ... Rh8 30. Rfd1 Bxe5 31. Rxd8 Rxd8 32. Nxh5+ +- ) 27. Rd3! 
+- D {-> Toto hrozi 28.Nxh5 gxh5 29.Rg3+ Kh6 30.Rg5 a cerny musi se vzdat 
damy aby zabranil matu. } 27. ... Rh8 ( 27. ... Qe7 28. Nxh5+! gxh5 29. 
Qxh5 +- ) 28. Ne4 d5 â–¡ 29. cxd5 exd5 30. f5 Qh4?! {Ani 30...Qd7 by 
nepomohlo:..... 
This shortens Black's suffering, as he loses his Q. But the position was 
hopeless anyway.} ( 30. ... gxf5 31. Rxf5 +- ( 31. Ng3 +- ) ) ( 30. ... d4
31. f6+ ( 31. Qf3 +- ) 31. ... Kg8 32. Ng5 {/\e6+-} ) ( 30. ... Qd7 31. e6
fxe6 32. Nxc5 bxc5 ( 32. ... Rxc5 33. Qe5+ Kg8 34. fxg6 +- ) 33. Qe5+ Kh6 
34. fxe6 Qxb5 ( 34. ... Qg7 35. Qe3+ g5 36. e7 +- ) 35. Qe3+ Kg7 36. Rf7+ 
Kg8 37. Rb3 +- ) 31. f6+ {><Qh4} 31. ... Kh7 32. Rxd5 Rhe8 ( 32. ... Rhd8 
33. Qd3 Rxd5 34. Qxd5 Kg8 35. e6 +- ) ( 32. ... Bxa3 33. e6 +- ) 33. Kh2! 
{/\g3  Zabavny zaverecny tah . nelze zabranit g3 s chycenim damy. } 1-0

[Event "FRG Ch int"]
[Site "Dortmund GER"]
[Date "1973.??.??"]
[Round "Izolovany pesec"]
[White "Gerusel, Mathias"]
[Black "Andersson, Ulf"]
[Result "0-1"]
[WhiteElo "2415"]
[BlackElo "2535"]
[EventDate "1973.??.??"]
[Annotator "Kharitonov"]
[EventType "tourn"]
[EventRounds "15"]
[EventCountry "GER"]
[EventCategory "7"]
[Source "ChessBase"]
[SourceDate "1999.07.01"]
[WhiteTeamCountry "YUG"]
[BlackTeamCountry "SWE"]

{str  67} 
1. d4 Nf6 2. c4 e6 3. Nc3 Bb4 4. Qc2 c5 5. dxc5 O-O 6. Bf4 Na6 7. a3?! ( 
7. Nf3 Nxc5 8. e3 Qa5 ~ ) ( 7. Bd6 Re8 8. a3 Qa5 ( 8. ... Bxc3+ 9. Qxc3 
Ne4 10. Qd4! Qa5+ 11. b4 ) 9. Rc1 Bxc3+ 10. Qxc3 Qxc3+ 11. Rxc3 Ne4 12. 
Rc1 ( 12. Rc2 Naxc5 13. Bxc5 Nxc5 14. Nf3 b6 15. Nd4 a5!? 16. Nb5 Rd8 = {
Donner,J-Karpov,A/ Amsterdam/1981/0:1 (53)/} ) 12. ... Naxc5 13. Bxc5 Nxc5
14. b4 Ne4 15. e3 b6 16. Bd3 Nf6 17. Ne2 Ba6 = {Tal,M-Andersson,U 
(1)/Malmo m/1983/1:0/41/} ) 7. ... Bxc3+ 8. Qxc3 Ne4 9. Qc2 {Lepsi tah je}
( 9. Qd4 Naxc5 10. f3 Nb3 11. Qxe4 Qa5+! 12. Kf2 Nxa1 -/+ ) 9. ... Qa5+! 
10. Bd2 ( 10. b4? Nxb4 11. Qxe4 Nd3+ 12. Kd1 Nxf2+ -+ ) 10. ... Nxd2 11. 
Qxd2 Qxd2+ 12. Kxd2 Nxc5 13. Rd1 ( 13. Kc2 d5! 14. e3 Bd7 -/+ {-/+/} ) 
13. ... a5!? ( 13. ... d5!? ) 14. Kc2 Rd8! 15. b3 ( 15. Nf3? Ne4 -+ ) ( 
15. e3 d5 {P d7 /} ) ( 15. b4 axb4 16. axb4 Ne4 -/+ ) 15. ... d5! -/+ 16. 
e3 ( 16. cxd5 exd5 17. f3 â–¡ ( 17. e3 Ne4 -+ ) 17. ... Bf5+ 18. Kb2 d4 -+
) 16. ... b6 17. f3 ( 17. cxd5 exd5 18. f3 Bf5+ 19. Kb2 Rac8 -/+ ) 17. ...
 Ba6! 18. Nh3 ( 18. cxd5 Bxf1 19. Rxf1 Rxd5 {P d3, P c8, P ad8-+/} ) 
18. ... Rac8 19. Kb2 ( 19. Be2!? dxc4 20. bxc4 -/+ ) 19. ... dxc4 20. Bxc4
Bxc4 21. bxc4 D {Po nepresnosti bileho v zahajeni 9.Qc2?! . Lepsi by bylo 
9.Qd4 -   Andersson dokazal zjednodusit na vyhodnou koncovku, ve ktere byl
schopen donutit bilemu spatnou pescovou strukturu s izolovanym pescem c4. 
Vyuzil slabinu izol. pesce nasledujicim silnym manevrem:} 21. ... Nd3+ 22.
 Kb3 {Bily ma problemy. Alternativa zahrnovala vynucenou ztratu pesce: } (
22. Kc3 Rxc4+ 23. Kxc4 Nb2+ 24. Kb5 Nxd1 25. e4 Rd6 26. e5 Nc3+ 27. Ka6 
Rc6 28. Rc1 b5+! 29. Kxa5 Rc4 -/+ ) 22. ... h6!? 23. Nf4 {Po 23.Rd2 b5! 
muze cerny vybojovat izolovaneho pesce takticky, pro spatne postaveni 
bilych figur, zvlaste krale: } ( 23. Rd2? b5! 24. cxb5 ( 24. Rhd1 a4+! 25.
 Ka2 bxc4 -+ ) 24. ... Nc5+ -+ ( 24. ... a4+ -+ ) ) 23. ... Ne5! {Vymena 
23....Nxf4? 24.exf4 je nepochybne pro cerneho, jelikoz pozice bileho krale
kompenzuje za pescove slabiny a koncovka ctyr vezi je vyrovnana. To by byl
konec vyhody cerneho. } 24. Rxd8+ Rxd8 25. Rc1 ( 25. h4 Rc8 26. Rc1 b5 27.
 c5 g5 28. hxg5 hxg5 29. Ne2 Nd3 -/+ ) 25. ... g5! D {Cerny zahani jezdce 
na spatna pole. } ( 25. ... Rd2 26. c5! bxc5 27. Rxc5 = ) 26. Nh5 ( 26. 
Ne2 Rd2 27. Nd4 Nd7! ( 27. ... Rxg2?! 28. c5 bxc5 ( 28. ... Nd3 29. c6!! 
Nxc1+ 30. Kc3 Na2+ 31. Kd3 Rg1 32. Kd2 Rg2+ 33. Kd3 = ) 29. Rxc5 f6 30. 
Rxa5 ) 28. Rc2 Nc5+ 29. Ka2 Rd3 -/+ ) 26. ... Kh7 27. Nf6+ ( 27. c5 Nd3 -+
) ( 27. Rc3 Kg6 28. Ng3 Rd2 ( 28. ... Nd3 29. Rc2 ( 29. Ne4 Ne1 -+ ) 
29. ... Nc5+ 30. Kb2 Rd3 31. Nf1 f5 -/+ ) 29. c5 bxc5 30. Rxc5 f6 31. f4 
Ng4 -/+ ) 27. ... Kg7 ( 27. ... Kg6!? 28. Ng4 Nxg4 29. fxg4 f5 30. gxf5+ 
Kxf5 {Cerny ma lepsi postaveni krale v centru, kontroluje sloupec d a ma o
jednoho slabeho pesce mene. Presto ma bily sance na remizu. } ) 28. Ne4? {
Zde se mel bily pokusit vymenit jezdce, aby mel ve vezove koncovce sance 
na remizu. } ( 28. Ng4!? Nd3 ( 28. ... Nxg4?! 29. fxg4 Rd2 30. Rc2 Rxc2? (
30. ... Rd3+ 31. Rc3 = ) 31. Kxc2 Kf6 32. Kb3! Ke5 33. Ka4 Ke4 34. Kb5 +- 
) 29. Rd1 h5 ( 29. ... Nc5+ 30. Kc2 Rxd1 31. Kxd1 f5 -/+ ) 30. Ne5 Nc5+ 
31. Kc2 Rxd1 32. Kxd1 Kf6 ) 28. ... f5! 29. Nc3 ( 29. Nf2 Rd2 -+ ) ( 29. 
Ng3 Rd2 30. c5 Nd3 31. Kc3 Nxc1 32. Kxd2 Nb3+ -+ ) 29. ... Rd3 ( 29. ... 
Rd2!? ) 30. Rd1? D ( 30. Re1!? Kf6 -/+ ) 30. ... a4+! -+ {Bily vynucuje 
zjednoduseni do jasne lepsi vezove koncovce, nebo po Kc2 do lepsi jezdcove
koncovky, ackolik musi ukazat dobrou techniku. Po 30...Rxe3 by mohl ziskat
souper aktivni moznost tahem 31.Rd6 } 31. Kb4 ( 31. Kc2 Rxe3 32. Rd4 ( 32.
 Nxa4 Nxc4 -+ ) 32. ... Re1 33. Nxa4 Rg1 34. Nxb6 Rxg2+ 35. Rd2 Rxd2+ 36. 
Kxd2 Nxf3+ 37. Ke2 g4 -/+ ) 31. ... Nc6+ 32. Kb5 Rxc3 33. Kxc6 Rxc4+ 34. 
Kxb6 ( 34. Kb5 Rc3 35. Kxa4 Rxe3 36. Rd2 {P37. b2|^/} ) ( 34. Kb5 Rc2! 35.
 Rd7+ ( 35. Rg1 Rc3 36. Kxa4 Rxe3 {P37... e2-+/} ) 35. ... Kf6 36. Rh7 
Rxg2 37. Rxh6+ Ke5 -/+ ) 34. ... Rc3 35. Ra1 Rxe3 36. Ra2 D ( 36. Kb5 Re2 
37. Rg1 Kf6 38. Kxa4 Rb2! {Pe5-e4-+/  Odrezanim bileho krale od hlavniho 
dejiste konfliktu umoznuje cernemu mobilizovat volneho pesce ... e5-e4. 
Bily kral a vez jsou pasivne umisteny. } ) 36. ... Re5! {Silny manevr ke 
vztyceni prehrady! Bily kral je odriznut od 5 rady. Plan je ziskat prostor
pomoci pesce kralovskeho kridle a vytvorit si volneho pesce. } 37. Rc2 Kf6
38. Rb2 ( 38. Rc4 Re2 -+ ) 38. ... h5 39. h3 ( 39. Rc2 g4 -+ ) 39. ... h4!
{Klicovy tah pescem, fixujici bile pesce a pripravujici ....g4 nebo e5-e4.
} 40. Rd2 ( 40. Ra2 g4 41. fxg4 fxg4 42. hxg4 Kg5 43. Rb2 Re3 44. Ra2 Kxg4
45. Kb5 Re4 -+ ) 40. ... Re3 41. Ra2 e5! 42. Kb5 e4 43. Kxa4 ( 43. fxe4 
Rxe4 44. Rf2 Kg6 {P45...g4-+/} ) ( 43. Kxa4 exf3 44. gxf3 Rxf3 -+ ) 0-1

[Event "Buenos Aires ol (Men)"]
[Site "Buenos Aires ARG"]
[Date "1978.11.04"]
[Round "10"]
[White "Miles, Anthony J"]
[Black "Andersson, Ulf"]
[Result "0-1"]
[WhiteElo "2510"]
[BlackElo "2585"]
[EventDate "1978.10.25"]
[PlyCount "61"]
[EventType "team"]
[EventRounds "14"]
[EventCountry "ARG"]
[Source "ChessBase"]
[SourceDate "1999.11.16"]
[WhiteTeam "England"]
[BlackTeam "Sweden"]
[WhiteTeamCountry "ENG"]
[BlackTeamCountry "SWE"]

1. d4 Nf6 2. Nf3 e6 3. c4 b6 {Cerny miri do damske indicke obrany. Bily ma
hodne ruznych pokracovani, napr. 4.g3, 4.a3, Nc3 Bg5. Bohuzel zesnuly Tony
Miles rad hral specialni variantu Bf4. Miles byl znamy pro velkeho 
bojovneho ducha a originalnost. } 4. Bf4 Bb7 5. e3 Bb4+ 6. Nfd2 O-O 7. Bd3
( 7. a3 Be7 8. Nc3 d6 9. e4 {Nejsolidnejsi plan cerneho se jevi } 9. ... 
Nc6 10. Be3 Nd7!? {Malisov-Psakhis, Jerusalem 1996. Ale ideje s ...c5 take
prichazi do uvahy. } ) 7. ... d5 8. O-O c5 D 9. a3?! {Toto akceptuje 
pozici s izolovanym pescem, coz je velmi riskantni proti pozicnimu hraci 
jako je Andersson. Lepsi je hrat: } ( 9. dxc5 bxc5 ( 9. ... Bxc5 10. Nb3 
Be7 11. Nc3 = ) 10. a3 Ba5 11. Nb3 = ) 9. ... Bxd2 10. Nxd2 cxd4 11. exd4 
Nc6 12. Nf3 dxc4 13. Bxc4 Rc8 {Cerny hrozi 14...Nxd4 } 14. Rc1 {Po Ba2 
cerny muze trvale ziskat pole d5 tahem 14...Ne7. Po pokracovani bileho 
14.Rc1 cerny dokaze po 14...Na5 vymenit par vezi a soucasne ziskat 
kontrolu pole d5 a diagonalu a8-h1. } 14. ... Na5 15. Be2 ( 15. Ba2 Rxc1 
16. Bxc1 Qd6 {se silnym tlakem proti izolovanemu pesci.  } ) 15. ... Rxc1 
16. Bxc1 ( 16. Qxc1 Nb3 17. Qd1 Bxf3 18. Bxf3 Nxd4 -/+ ) 16. ... Qd5 {
Cerny ma nekolik pozicnich vyhod: ma zajistenou kontrolu pole d5 a jak 
bylo drive zmineno diagonalu a8-h1, a navic bude nejdrive obsazovat 
sloupec c a kontroluje pole b3. Jak casto v tomto pripade neni mozne 
ziskat pesce d4 primo. Pro tento duvod  je dulezite udelat prechod do 
koncovky ve kterem muze pracovat na slabine na d4 bez obavy z protihry. } 
17. Qd3 ( 17. Re1 Qb3 18. Qxb3 Nxb3 19. Be3 Rc8 =+ ) 17. ... Rc8 18. Bf4 D
{Cerny ma krasnou pozici. Co zahraje aby zvysil tlak? } 18. ... Qb3! {
Cerny vynucuje vymenu dam a proto muze vyuzit vladu na c-sloupci a 
oslabene damske kridlo bileho k vyhode. Pole d5 bude hrat dulezitou roli 
jelikoz jezdec muze vladnout prostorem bez zadne realne opozice. } 19. 
Qxb3 {Bily se stezi muze vyhnout vymene dam, jelikoz po: } ( 19. Qb1 Qc2 
20. Re1 Nb3 21. Be3 Nd5 -/+ ) 19. ... Nxb3 20. Bd1 ( 20. Be5 Nd7 21. Bb5 (
21. Bd1 Nc1 22. Ba4 Nxe5 23. dxe5 Bxf3 24. gxf3 Nd3 -+ ) 21. ... Nxe5 22. 
dxe5 Bxf3 23. gxf3 Nd2 ) 20. ... Nd5 21. Bg5 ( 21. Bxb3 Nxf4 22. Rd1 Bxf3 
23. gxf3 g5 -/+ 24. d5 exd5 25. Bxd5 Rc2 -/+ ) 21. ... Nc1! D {Cerny hrozi
22...Ba6 a potom ...Nd3. Tah 21...Na5 by take udrzel cerneho ve vyhode. } 
22. Bxc1 {S 22.Ne5 bily by mohl jeste jit na zajimave komplikace: } ( 22. 
Ne5 f6 23. Bg4 fxg5 24. Bxe6+ Kf8 25. Bxc8 Ne2+ 26. Kh1 Bxc8 =+ ) 22. ... 
Rxc1 23. Bb3 Rc7! {Ovbsem cerny nemeni svoji silnou vez, jelikoz ta 
bezpecne kontroluje sloupec c. S hrozbou 24...Nf4, cerny je panem situace.
} 24. Ne5?! {Lepsi je: } ( 24. g3 Nf4 ( 24. ... Ne7 25. Ne5 Bd5 26. Bxd5 
Nxd5 27. Nd3 Kf8 28. Rc1 Rxc1+ 29. Nxc1 Ke7 =+ ) 25. gxf4 Bxf3 26. Re1 Kf8
27. h3 Rd7 28. Re3 Bb7 -/+ ) 24. ... Nf4 -+ 25. Rd1 ( 25. f3 f6 26. Nc4 ( 
26. Ng4 Ne2+ 27. Kf2 Nxd4 -+ ) 26. ... Ba6 -+ ) 25. ... Bxg2 26. f3 f6! {
Nejlepsi zpusob zjednoduseni. } 27. Nd3 Bxf3 28. Nxf4 ( 28. Rd2 Bd5 29. 
Nxf4 Bxb3 -+ ) 28. ... Bxd1 29. Bxe6+ ( 29. Bxd1 Rc1 -+ ) 29. ... Kf8 30. 
Bf5 Rc1 31. Kf2 0-1

[Event "Hastings 7879"]
[Site "Hastings ENG"]
[Date "1978.??.??"]
[Round "1"]
[White "Taulbut, Shaun M"]
[Black "Andersson, Ulf"]
[Result "0-1"]
[WhiteElo "2405"]
[BlackElo "2545"]
[EventDate "1978.12.??"]
[PlyCount "88"]
[EventType "tourn"]
[EventRounds "15"]
[EventCountry "ENG"]
[EventCategory "9"]
[Source "ChessBase"]
[SourceDate "1999.07.01"]
[WhiteTeamCountry "SUI"]
[BlackTeamCountry "USA"]

1. e4 c5 2. Nf3 d6 3. Bb5+ Bd7 4. Bxd7+ Qxd7 5. O-O e6 6. c3 Nf6 D 7. e5 {
bily otvira hru, ale tady to ma nevyhodu oslabeni centralnich poli. Neni 
mozne dosahnout vyhodu timto pokracovanim. } 7. ... dxe5 8. Nxe5 Qd5 9. 
Qa4+ Nbd7 10. d4 a6 11. Bf4 b5 12. Qd1 {Pojeti zahajeni bileho selhalo. 
Cerny mu vytvoril izolovaneho pesce a cerna dama ma velmi silne postaveni 
na d5. } 12. ... cxd4 13. cxd4 ( 13. Qxd4 Qxd4 14. cxd4 Nd5 15. Bg3 ( 15. 
Bd2 Rc8 16. Nc3 Nxc3 17. bxc3 Nb6 -/+ ) 15. ... Rc8 -/+ ) 13. ... Bb4! {
Tento tah je miren proti 14.Nc3 jelikoz po vzeti zustane pesec c opozdeny.
Po 13...Be7 14.Nc3 cerna dama by musela tahnout.} 14. a3 ( 14. Nc3 Bxc3 
15. bxc3 O-O {take dava cernemu mirnou vyhodu. } ) 14. ... Ba5 15. Nf3 Rc8
16. a4 Bb4 ( 16. ... b4 {je slabsi: } 17. Nbd2 ) 17. axb5 axb5 18. Na3 D {
Prirozeny tah 18...0-0 je spravny tah, nebo ne? } 18. ... Bxa3! {Cerny 
meni jezdce, nez bily muze pripravit silnou obrannou pozici tahem 19.Nc2. 
Cerni jezdci jsou velmi manevrovatelni, zatimco bily ma neucinneho 
strelce. } ( { [Houdini 1.5a x64] 23:-0.10} 18. ... Bxa3 19. Rxa3 O-O 20. 
Qb1 Nb6 21. h3 h6 22. Re1 Rfd8 23. Ra6 Qb7 24. Ra1 Ra8 25. Rxa8 Rxa8 26. 
Be5 Nfd5 27. Rc1 Nc4 28. Bh2 Qb6 29. b3 Nd6 30. Qd3 ) ( { [Houdini 1.5a 
x64] 19:-0.05} 18. ... O-O 19. Nc2 Qb3 20. Nxb4 Qxb4 21. Qe2 h6 22. Ra7 
Rc4 23. Rfa1 Rfc8 24. Qd2 g5 25. Be3 Qxd2 26. Bxd2 g4 27. Ne5 Rxd4 28. 
Nxd7 Rxd7 29. Bxh6 Rc2 ) 19. Rxa3 ( 19. bxa3 Ne4 -/+ {je slabsi, protoze 
cerny kontroluje pole c3. } ) 19. ... O-O 20. Ra5 Ra8 21. Qd2 Qb3! {Silny 
plazivy tah. Cerny uvolnuje pole d5 pro jezdce a tlaci na pesce b2. } 22. 
Rfa1 Rxa5 23. Rxa5 Nd5 24. Ra3 Qc4 25. h3 b4 26. Ra7 {Problem bileho 
pozice je ten ze cerny nema slabiny a jezdec d je obr ve spojeni se 
sloupcem c. } 26. ... N7f6 27. Be5 Ne4 D {Cerny dominuje citankovym 
zpusobem na polich kolem izolovaneho pesce. Soucasne kontroluje sloupec c 
a pokracuje v dobyvani pesce b2. } 28. Qe1?! ( 28. Qd1 f6 29. Bh2 Rc8 30. 
Ne1 =+ ) 28. ... Qc2! -/+ 29. Ra1 Rc8 ( 29. ... Qxb2? {by  byla velka 
chyba: } 30. Rb1 Qc2 31. Rc1 Qd3 32. Rd1 {A remize se nelze vyhnout. } ) 
30. Rd1 b3 31. Nd2 Nxd2 32. Rxd2 ( 32. Qxd2 Qxd2 33. Rxd2 Rc2 -+ ) 32. ...
 Qc1 33. Kf1 Qc4+ 34. Kg1 h6 {Cerny si vytvari "luft".} 35. h4 Qc1 36. Kf1
Qc4+ 37. Kg1 Qa6 38. Qd1 f6 39. Bg3 Qc4 40. Rd3? ( 40. Kh2 {napriklad je 
tvrdosijnejsi. Ale v obtizne pzici je snadnejsi udelat chyby nez dobre 
tahy. Andersson se urcite v teto pozici citil spokojeny, jelikoz bily nema
protihru ktera stoji za zminku a muze klidne pracovat na souperovi. } ) 
40. ... Qc2 -+ {Chyba bileho dovolila prunik cerne damy. } 41. Qf3 ( 41. 
Qe1 Kf7 42. Rd2 Qf5 -+ {a potom ....Rc2} ) ( 41. Rd2 Qxd1+ 42. Rxd1 Rc2 
43. Rb1 Nb4 -+ ) 41. ... Qb1+ 42. Kh2 Rc1 43. Bb8 ( 43. Bd6 Rh1+ 44. Kg3 
Qg1 45. Qe4 Qh2+ 46. Kf3 Qxd6 -+ ) 43. ... Rh1+ 44. Kg3 Ne7! 0-1